[Event "YourNextMove Blitz"]
[Site "Leuven BEL"]
[Date "2016.06.20"]
[EventDate "2016.06.19"]
[Round "13.1"]
[Result "1/2-1/2"]
[White "Wesley So"]
[Black "Viswanathan Anand"]
[WhiteElo "2770"]
[BlackElo "2770"]
[PlyCount "86"]

1. e4 e5 2. Nf3 Nc6 3. Bc4 Bc5 4. O-O Nf6 5. d3 d6 6. c3 a6
7. a4 O-O 8. Bg5 h6 9. Bh4 g5 10. Bg3 Ba7 11. Na3 Ne7 12. Nc2
Kg7 13. Kh1 Nh5 14. d4 f5 15. exf5 e4 16. Nxg5 Nxg3+ 17. fxg3
hxg5 18. f6+ Rxf6 19. Rxf6 Kxf6 20. Qf1+ Bf5 21. g4 d5 22. Be2
Qd6 23. Ne3 Qf4 24. Qg1 Kg7 25. Rf1 Qd6 26. Nxf5+ Nxf5
27. Rxf5 Rh8 28. Rxg5+ Kf7 29. Rh5 Rxh5 30. gxh5 c5 31. Qf2+
Kg7 32. dxc5 Bxc5 33. Qf5 Be3 34. g4 Qf4 35. Qxf4 Bxf4 36. Bd1
Bc1 37. Bb3 e3 38. Kg2 Bxb2 39. Bxd5 Bxc3 40. Kf3 b5 41. axb5
axb5 42. Kxe3 Kh6 43. Kf4 Bf6 1/2-1/2

[Event "YourNextMove Blitz"]
[Site "Leuven BEL"]
[Date "2016.06.20"]
[EventDate "2016.06.19"]
[Round "15.2"]
[Result "1/2-1/2"]
[White "Wesley So"]
[Black "Levon Aronian"]
[WhiteElo "2770"]
[BlackElo "2792"]
[PlyCount "79"]

1. e4 e5 2. Nf3 Nc6 3. Bb5 a6 4. Ba4 Nf6 5. O-O Be7 6. Re1 b5
7. Bb3 O-O 8. c3 d5 9. exd5 Nxd5 10. Nxe5 Nxe5 11. Rxe5 c6
12. Re1 Bd6 13. d4 Qh4 14. g3 Qh3 15. Qe2 Bg4 16. Qf1 Qh5
17. Nd2 Rae8 18. f3 Bh3 19. Qf2 Rxe1+ 20. Qxe1 Bf4 21. Qe2
Be3+ 22. Kh1 Re8 23. Nf1 Bxf1 24. Qxf1 Bxc1 25. Rxc1 Kf8
26. Qf2 g6 27. Kg1 Qf5 28. Bc2 Qe6 29. Bb3 Qf5 30. a3 h5
31. Bc2 Qe6 32. Bb3 Qf5 33. c4 bxc4 34. Bxc4 a5 35. Bf1 Re6
36. h4 g5 37. hxg5 Qxg5 38. Re1 h4 39. g4 Ne3 40. Bh3 1/2-1/2

[Event "YourNextMove Blitz"]
[Site "Leuven BEL"]
[Date "2016.06.20"]
[EventDate "2016.06.19"]
[Round "16.4"]
[Result "0-1"]
[White "Veselin Topalov"]
[Black "Wesley So"]
[WhiteElo "2761"]
[BlackElo "2770"]
[PlyCount "84"]

1. e4 e5 2. Nf3 Nc6 3. Bc4 Bc5 4. c3 Nf6 5. d3 a6 6. a4 Ba7
7. O-O d6 8. Bg5 h6 9. Bh4 g5 10. Bg3 O-O 11. Nbd2 Kg7 12. Re1
Be6 13. b4 g4 14. Nh4 Ne7 15. Bxe6 fxe6 16. Nc4 b5 17. Ne3 h5
18. Kh1 Ng6 19. Nxg6 Kxg6 20. Bh4 Nxe4 21. Nxg4 Nxf2+ 22. Bxf2
Bxf2 23. Nxf2 Rxf2 24. Re3 Qf6 25. Rg3+ Kh6 26. Rh3 Qf7
27. Qc1+ Kg6 28. Rg3+ Kh7 29. h3 Rf8 30. Kh2 Qf4 31. Qxf4 exf4
32. Rg5 Kh6 33. h4 f3 34. axb5 axb5 35. Re1 e5 36. Kh3 fxg2
37. Rxg2 R8f3+ 38. Rg3 Rxg3+ 39. Kxg3 Rc2 40. Kf3 Rxc3 41. Ke4
Rb3 42. Rg1 Rxb4+ 0-1

[Event "Bilbao"]
[Site "Bilbao ESP"]
[Date "2016.07.13"]
[EventDate "2016.07.13"]
[Round "1"]
[Result "1/2-1/2"]
[White "Sergey Karjakin"]
[Black "Wesley So"]
[WhiteElo "2773"]
[BlackElo "2770"]
[PlyCount "92"]

1. e4 e5 2. Nf3 Nc6 3. Bb5 Nf6 4. d3 Bc5 5. c3 O-O 6. O-O d6
7. h3 Ne7 8. d4 Bb6 9. Bd3 Ng6 10. Re1 Re8 11. Nbd2 c6 12. Nf1
d5 13. Bg5 dxe4 14. Rxe4 h6 15. Bxf6 Qxf6 16. Re3 Bf5 17. Bxf5
Qxf5 18. Ng3 Qd7 19. Nxe5 Nxe5 20. Rxe5 Rxe5 21. dxe5 Qe7
22. Qh5 g6 23. Qe2 Qg5 24. Kf1 Kf8 25. Re1 Re8 26. Qd3 Rxe5
27. Qd6+ Re7 28. Ne4 Qf5 29. Re2 Bc7 30. Qd4 Qe5 31. Qxa7 Qh2
32. Ng3 Bxg3 33. Rxe7 Qh1+ 34. Ke2 Kxe7 35. Qe3+ Kf6 36. Qxg3
Qb1 37. Qf4+ Kg7 38. Qd4+ Kg8 39. Qb4 Qxa2 40. Qxb7 Qc4+
41. Ke3 Qc5+ 42. Kf3 Qd5+ 43. Kg3 Qg5+ 44. Kh2 Qf4+ 45. Kg1
Qc1+ 46. Kh2 Qf4+ 1/2-1/2

[Event "Bilbao"]
[Site "Bilbao ESP"]
[Date "2016.07.15"]
[EventDate "2016.07.13"]
[Round "3"]
[Result "1/2-1/2"]
[White "Anish Giri"]
[Black "Wesley So"]
[WhiteElo "2785"]
[BlackElo "2770"]
[PlyCount "111"]

1. e4 e5 2. Nf3 Nc6 3. Bc4 Bc5 4. O-O Nf6 5. d3 O-O 6. Re1 a6
7. a4 Ng4 8. Rf1 h6 9. c3 d6 10. Nbd2 Ba7 11. h3 Nf6 12. Re1
Nh5 13. Nf1 Qf6 14. Ne3 Nf4 15. Ng4 Qg6 16. Bxf4 exf4 17. d4
Bxg4 18. hxg4 Qxg4 19. Qd3 Ne7 20. Re2 Rad8 21. b4 Bb8 22. b5
axb5 23. axb5 c6 24. Rb1 d5 25. Ba2 dxe4 26. Rxe4 Bd6 27. bxc6
bxc6 28. Rxe7 Bxe7 29. Ne5 Qg5 30. Qc4 Qf6 31. Rb7 c5 32. Nd7
Rxd7 33. Rxd7 cxd4 34. Rxd4 Rd8 35. Rxd8+ Bxd8 36. Qe4 Be7
37. Qd4 Qxd4 38. cxd4 Bf6 39. d5 Be7 40. f3 Bc5+ 41. Kf1 Kf8
42. Bc4 Ke7 43. Bb5 Kd6 44. Be8 f6 45. Bf7 Ke5 46. Be6 f5
47. Bd7 Kf6 48. Ke2 g6 49. Be8 g5 50. Bd7 Bb6 51. Kf1 Ba7
52. Ke2 Bc5 53. Kf1 h5 54. Be8 h4 55. Bd7 Ke5 56. Ke2 1/2-1/2

[Event "Bilbao"]
[Site "Bilbao ESP"]
[Date "2016.07.17"]
[EventDate "2016.07.13"]
[Round "5"]
[Result "1/2-1/2"]
[White "Wesley So"]
[Black "Wei Yi"]
[WhiteElo "2770"]
[BlackElo "2696"]
[PlyCount "146"]

1. e4 e5 2. Nf3 Nf6 3. Nxe5 d6 4. Nf3 Nxe4 5. Nc3 Nxc3 6. dxc3
Nc6 7. Bf4 Be7 8. Qd2 Be6 9. O-O-O Qd7 10. h3 Bf6 11. g4 h6
12. Bg2 O-O-O 13. b3 Rde8 14. Rhe1 Kb8 15. Be3 a6 16. Ng1 g5
17. Ne2 h5 18. f3 Qe7 19. Ng3 d5 20. Kb2 Rd8 21. Ne2 Rhe8
22. Nd4 Nxd4 23. cxd4 Rg8 24. Bf1 Qd6 25. f4 hxg4 26. fxg5 Be7
27. hxg4 Bxg4 28. Be2 Bxe2 29. Rxe2 f6 30. gxf6 Bxf6 31. Bf4
Qd7 32. Rde1 Qg7 33. Kb1 Bg5 34. Bxg5 Qxg5 35. Qb4 Rg6 36. Re5
Qh4 37. Re8 Rgd6 38. R1e7 Rxe8 39. Rxe8+ Rd8 40. Re6 b6 41. a4
a5 42. Qc3 Rg8 43. Ka2 Qh7 44. Qc6 Rd8 45. b4 axb4 46. a5 Qd7
47. axb6 Qxc6 48. Rxc6 cxb6 49. Rxb6+ Kc7 50. Rxb4 Rh8 51. Rb5
Kc6 52. Rc5+ Kd6 53. Kb3 Rh4 54. c3 Rh8 55. Kb4 Rb8+ 56. Rb5
Rc8 57. Rb6+ Kd7 58. Kb3 Ke7 59. Rh6 Kd7 60. Kb4 Rc4+ 61. Kb3
Rc8 62. Kc2 Rg8 63. Rh3 Kd6 64. Kd3 Rc8 65. Ke2 Kd7 66. Re3
Kd6 67. Kf3 Rf8+ 68. Kg4 Rg8+ 69. Kf5 Rf8+ 70. Kg4 Rg8+
71. Kf4 Rf8+ 72. Kg4 Rg8+ 73. Kf4 Rb8 1/2-1/2